Odd One Out: Literary Devices Edition - Statistics

General Stats
  • This quiz has been taken 13 times
  • The average score is 5 of 10
Answer Stats
Question Answer % Correct
Which literary device is the odd one out Alliteration
92%
Which literary device is the odd one out Hyperbole
75%
Which literary device is the odd one out Bathos
58%
Which literary device is the odd one out Pun
50%
Which literary device is the odd one out Tautology
50%
Which literary device is the odd one out Bathos
42%
Which literary device is the odd one out Anaphora
33%
Which literary device is the odd one out Apostrophe
25%
Which literary device is the odd one out Epistrophe
25%
Which literary device is the odd one out Foreshadowing
17%
No matching quizzes found
Score Distribution
Percent of People with Each Score
Percentile by Number Answered
Your Score History
You have not taken this quiz